| 000 | 01301nam a22002057a 4500 | ||
|---|---|---|---|
| 005 | 20240527113702.0 | ||
| 010 | _aB-758019-027 HIN-127720 | ||
| 020 |
_a9789393371072 _c495.00 |
||
| 035 | _aB-758019-027 | ||
| 035 | _aHN-100066 | ||
| 037 | _bसुभद्रा पब्लिशर्स एंड डिस्ट्री. | ||
| 082 | _a820.9 | ||
| 100 |
_aचन्द्र, रमेश _966905 |
||
| 245 |
_aहिंदी साहित्य का इतिहास / _cरमेश चन्द्र |
||
| 260 |
_aदिल्ली _bसुभद्रा पब्लिशर्स एंड डिस्ट्री. _c2022 |
||
| 270 |
_aडी-48, गलि नं. 3, दयालपुर,करावल नगर रोड, _bदिल्ली _e110032 |
||
| 300 |
_a240 पृ॰ _b22सेमी (सजिल्द) |
||
| 942 |
_2ddc _cHN _h820.9 _mचन्द्रर |
||
| 999 |
_c201001 _d201001 |
||